Statistics for Portuguese Nationalities Vocabulary

Click here to take the quiz!

General Stats

  • This quiz has been taken 139 times
  • The average score is 28 of 35

Answer Stats

HintAnswer% Correct
Americanamericano
100%
Mexicanmexicano
96%
Portugueseportuguês
95%
Italianitaliano
93%
Cubancubano
92%
Brazilianbrasileiro
91%
Spanishespanhol
90%
Frenchfrancês
90%
Englishinglês
90%
North Americannorte-americano
89%
Chinesechinês
87%
Indianindiano
87%
Africanafricano
86%
Germanalemão
84%
Russianrusso
84%
Australianaustraliano
82%
Japanesejaponês
82%
South Americansul-americano
80%
Irishirlandês
78%
Latin Americanlatino-americano
78%
Arabárabe
77%
Greekgrego
75%
Asianasiático
74%
Koreancoreano
74%
South Africansul-africano
74%
Swedishsueco
71%
Turkishturco
71%
Europeaneuropeu
70%
Canadiancanadense
69%
Thaitailandês
66%
Norwegiannorueguês
58%
Egyptianegípcio
55%
Native Americaníndio
55%
Vietnamesevietnamita
55%
Israeliisraelense
54%

Score Distribution

Percentile by Number Answered

Percent of People with Each Score

Your Score History

You have not taken this quiz